000 00779nam a2200253Ia 4500
003 OSt
005 20220927110754.0
006 a|||||r|||| 00| 0
007 ta
008 220926b |||||||| |||| 00| 0 eng d
024 _a109244
037 _cReports
040 _aRTL
_cRTL
_beng
041 _2eng
_aeng
082 _a"X9(M73):531.2.N7t, L4/GD"
110 _a"INDIA, TARIFF(Commission of-)."
_9380214
245 0 _aReport on the biennial review of the sericulture Industry
260 _aDelhi
_bManager of Publication India
_c1974
300 _a83p.
_ccm.
650 _aSilk Industry
_9375782
700 _a"INDIA, TARIFF(Commission of-)."
_9380215
942 _h"X9(M73):531.2.N7t, L4/GD"
_cCC
999 _c697871
_d697871